000
00261nam a2200121Ia 4500
100
_a
Baker & Joseph
942
_c
BK
654
_a
tools
245
_a
Carbide cutting tools
260
_b
American Technical Society
_c
2001
082
_a
621.9
546
_a
ENGLISH
999
_c
33313
_d
33313